[Event "Women's Speed Chess Q2"]
[Site "chess.com INT"]
[Date "2020.06.19"]
[Round "5"]
[White "Tereladze, Sopiko"]
[Black "Varshini, V"]
[Result "1-0"]
[WhiteTitle "WIM"]
[BlackTitle "WGM"]
[WhiteElo "2141"]
[BlackElo "2226"]
[WhiteFideId "13600486"]
[BlackFideId "5091241"]
[EventDate "2020.06.19"]

1. d4 d5 2. Nf3 e6 3. Bf4 Nf6 4. e3 Bd6 5. c3 O-O 6. Bd3 b6 7. Nbd2 Bb7 8. Ne5
c5 9. O-O Nc6 10. Nxc6 Bxc6 11. Bxd6 Qxd6 12. f4 Rfd8 13. Nf3 Rac8 14. Ne5 Bb7
15. Qf3 Ne4 16. Qh5 Qe7 17. Rf3 f6 18. Rh3 h6 19. Ng4 Qf7 20. Nxh6+ gxh6 21.
Qxh6 Qg7 22. Qh5 Kf8 23. Bxe4 dxe4 24. Rg3 Qf7 25. Qh6+ Ke8 26. Rg7 Bd5 27. Rxf7
Kxf7 28. Qh7+ Kf8 29. f5 cxd4 30. exd4 Re8 31. Rf1 e5 32. dxe5 e3 33. exf6 Re5
34. Qg7+ Ke8 35. f7+ 1-0

[Event "Women's Speed Chess Q2"]
[Site "chess.com INT"]
[Date "2020.06.19"]
[Round "5"]
[White "Tania, Sachdev"]
[Black "Nguyen, Thi Mai Hung"]
[Result "1-0"]
[WhiteTitle "IM"]
[BlackTitle "WGM"]
[WhiteElo "2392"]
[BlackElo "2258"]
[WhiteFideId "5007844"]
[BlackFideId "12401676"]
[EventDate "2020.06.19"]

1. d4 d5 2. c4 c6 3. Nf3 Nf6 4. Nc3 e6 5. g3 Nbd7 6. Bg2 Be7 7. O-O O-O 8. Qd3
b6 9. b3 Bb7 10. Rd1 c5 11. cxd5 exd5 12. Bb2 Rc8 13. dxc5 bxc5 14. Rac1 Qa5 15.
Qb5 Qb6 16. e3 Rfd8 17. Nh4 Bf8 18. Qxb6 Nxb6 19. Nb5 a6 20. Bxf6 gxf6 21. Nc3
Rc7 22. Ne2 Rcd7 23. Nf5 a5 24. Nf4 c4 25. Nh5 Be7 26. Nxe7+ Rxe7 27. bxc4 1-0

[Event "Women's Speed Chess Q2"]
[Site "chess.com INT"]
[Date "2020.06.19"]
[Round "5"]
[White "Balabayeva, Xeniya"]
[Black "Matveeva, Olga"]
[Result "1-0"]
[WhiteTitle "WFM"]
[BlackTitle "WIM"]
[WhiteElo "2146"]
[BlackElo "2171"]
[WhiteFideId "13719688"]
[BlackFideId "24107018"]
[EventDate "2020.06.19"]

1. e4 e6 2. d4 d5 3. Nd2 c5 4. exd5 Qxd5 5. Ngf3 cxd4 6. Bc4 Qd6 7. O-O Nf6 8.
Nb3 Nc6 9. Nbxd4 Nxd4 10. Nxd4 a6 11. c3 Qc7 12. Bb3 Bd6 13. h3 Bd7 14. Qf3
O-O-O 15. Be3 h5 16. Bg5 Qc5 17. Qe3 Qe5 18. Qxe5 Bxe5 19. Rad1 Bc6 20. Nxc6
bxc6 21. Bc4 Kb7 22. Rfe1 Bc7 23. Kf1 Rxd1 24. Rxd1 Nd5 25. Be2 f6 26. Bc1 g6
27. c4 Nf4 28. Bf3 g5 29. Rd7 Kb6 30. Be3+ c5 31. b4 g4 32. Bxc5# 1-0

[Event "Women's Speed Chess Q2"]
[Site "chess.com INT"]
[Date "2020.06.19"]
[Round "5"]
[White "Paramzina, Anastasya"]
[Black "Pham, Le Thao Nguyen"]
[Result "0-1"]
[WhiteTitle "WGM"]
[BlackTitle "IM"]
[WhiteElo "2209"]
[BlackElo "2366"]
[WhiteFideId "4165012"]
[BlackFideId "12401226"]
[EventDate "2020.06.19"]

1. e4 c5 2. Nf3 e6 3. b3 b6 4. Bd3 Bb7 5. O-O d6 6. c3 Nd7 7. Bc2 Ngf6 8. Re1
Be7 9. d4 O-O 10. Nbd2 Ne8 11. Bb2 g6 12. Nf1 Bf6 13. Ng3 Bg7 14. c4 Nc7 15. Qe2
e5 16. d5 a6 17. a4 Nf6 18. Nf1 Qd7 19. Bd3 Nh5 20. g3 a5 21. Ne3 Qe7 22. Nd2
Bc8 23. Qf1 Na6 24. Be2 Qg5 25. Kh1 Nb4 26. Rad1 f5 27. Bxh5 Qxh5 28. exf5 Bxf5
29. Nxf5 gxf5 30. Qg2 Rae8 31. Nf1 Nc2 32. Re2 Qxe2 0-1

[Event "Women's Speed Chess Q2"]
[Site "chess.com INT"]
[Date "2020.06.19"]
[Round "5"]
[White "Shevtchenko, Olesya"]
[Black "Gomez Barrera, Javiera Belen"]
[Result "1-0"]
[WhiteTitle "WFM"]
[BlackTitle "WIM"]
[WhiteElo "2054"]
[BlackElo "2083"]
[WhiteFideId "24131890"]
[BlackFideId "3418723"]
[EventDate "2020.06.19"]

1. e4 e5 2. Nf3 Nc6 3. Bc4 Bc5 4. O-O Nf6 5. d4 Bxd4 6. Nxd4 Nxd4 7. Bg5 Qe7 8.
Nc3 c6 9. Ne2 Nxe2+ 10. Qxe2 h6 11. Bxf6 Qxf6 12. Rad1 O-O 13. Qd3 d5 14. exd5
cxd5 15. Bxd5 Rb8 16. c4 Bf5 17. Qa3 Qb6 18. c5 Qb5 19. Qxa7 Qxb2 20. Bb3 Qc3
21. Qb6 Rbc8 22. Rc1 Qd4 23. Rfd1 Qg4 24. h3 Qg5 25. Kh1 Be4 26. f3 Bc6 27. Qb4
Qg3 28. Qg4 Qxg4 29. hxg4 Rfd8 30. Kg1 Kf8 31. Kf2 Ke7 32. Ke3 f6 33. g3 Rxd1
34. Rxd1 Rd8 35. Rxd8 Kxd8 36. f4 exf4+ 37. gxf4 Ke7 38. Bc2 g5 39. Bf5 Bd5 40.
a4 Bc6 41. a5 gxf4+ 42. Kxf4 Bb5 43. Be4 Ba6 44. Kf5 Kf7 45. Bd5+ Ke7 46. Kg6
Be2 47. Bxb7 Kd7 48. a6 Kc7 49. Kf5 Bd1 50. c6 h5 51. a7 1-0

[Event "Women's Speed Chess Q2"]
[Site "chess.com INT"]
[Date "2020.06.19"]
[Round "5"]
[White "Voit, Daria"]
[Black "Fominykh, Maria"]
[Result "1-0"]
[WhiteTitle "WGM"]
[BlackTitle "WGM"]
[WhiteElo "2343"]
[BlackElo "2206"]
[WhiteFideId "4182146"]
[BlackFideId "4142411"]
[EventDate "2020.06.19"]

1. d4 d6 2. Nf3 g6 3. h4 Bg7 4. h5 c5 5. c3 cxd4 6. cxd4 Bg4 7. hxg6 hxg6 8.
Rxh8 Bxh8 9. e3 Nc6 10. Qb3 Qb6 11. Qxb6 axb6 12. Bd2 Nf6 13. Bb5 Ne4 14. Nc3
Nxd2 15. Nxd2 Bd7 16. Nc4 Rd8 17. Nxb6 e6 18. Rc1 Ke7 19. Nxd7 Kxd7 20. Ke2 Kc7
21. Ne4 Kb6 22. Bd3 Bg7 23. a3 Rh8 24. Nxd6 Rh2 25. g3 e5 26. d5 Na5 27. Nc8# 1-0

[Event "Women's Speed Chess Q2"]
[Site "chess.com INT"]
[Date "2020.06.19"]
[Round "5"]
[White "Rakhmangulova, Anastasiya"]
[Black "Meenakshi, Subbaraman"]
[Result "1-0"]
[WhiteTitle "WIM"]
[BlackTitle "WGM"]
[WhiteElo "2191"]
[BlackElo "2171"]
[WhiteFideId "14117479"]
[BlackFideId "5004381"]
[EventDate "2020.06.19"]

1. e4 d6 2. d4 g6 3. Nf3 Nf6 4. Nc3 Bg7 5. Bc4 O-O 6. Qe2 c6 7. Bb3 Bg4 8. Bg5
Qa5 9. Bd2 Qb6 10. O-O-O Nbd7 11. h3 Bxf3 12. gxf3 e5 13. dxe5 dxe5 14. Be3 Qa5
15. h4 Rad8 16. h5 Nxh5 17. Rxh5 gxh5 18. Rg1 Kh8 19. Bd2 Qc5 20. Rg5 Qe7 21.
Rxh5 Nf6 22. Bg5 Qd7 23. Rh1 b5 24. Qe3 Qc7 25. Bxf6 Bxf6 26. Qh6 Bg5+ 27. Qxg5
f6 28. Qh6 Qg7 29. Be6 Qxh6+ 30. Rxh6 Kg7 31. Rh3 Rh8 32. Ne2 h5 33. Ng3 Kg6 34.
Nf5 Kg5 35. Rg3+ Kf4 36. Nh4 f5 37. Ng6# 1-0

[Event "Women's Speed Chess Q2"]
[Site "chess.com INT"]
[Date "2020.06.19"]
[Round "5"]
[White "Smietanska, Wiktoria"]
[Black "Chen, Yining"]
[Result "1-0"]
[WhiteTitle "CM"]
[BlackTitle "WCM"]
[WhiteElo "1593"]
[BlackElo "1745"]
[WhiteFideId "21869359"]
[BlackFideId "8620946"]
[EventDate "2020.06.19"]

1. c4 e5 2. Nc3 Nf6 3. Nf3 Nc6 4. e4 Bc5 5. Nxe5 Nxe5 6. d4 Bxd4 7. Qxd4 d6 8.
Be2 Bd7 9. O-O O-O 10. Bg5 Ng6 11. Nd5 Ne5 12. f4 c5 13. Qc3 Nxe4 14. Bxd8 Nxc3
15. bxc3 Raxd8 16. fxe5 dxe5 17. Rad1 f6 18. Bf3 Bc6 19. Ne7+ Kf7 20. Nxc6 bxc6
21. Bxc6 Ke7 22. Rxd8 Rxd8 23. Bd5 Rb8 24. Bc6 Rb2 25. a4 Rc2 26. Rf3 g6 27. Re3
Kd6 28. Bb5 f5 29. g3 e4 30. h4 h6 31. Be8 g5 32. hxg5 hxg5 33. Bg6 Ke5 34. g4
Kf4 35. Re1 Kxg4 36. Rf1 f4 37. Bxe4 Rxc3 38. Bd5 Ra3 39. Be6+ Kg3 40. Bd5 Rxa4
41. Rf3+ Kg4 42. Rf2 Ra3 43. Be6+ Kh4 44. Rh2+ Kg3 45. Rh3# 1-0

[Event "Women's Speed Chess Q2"]
[Site "chess.com INT"]
[Date "2020.06.19"]
[Round "5"]
[White "Kovanova, Baira"]
[Black "Keetman, Maaike"]
[Result "1-0"]
[WhiteTitle "WGM"]
[BlackTitle "WFM"]
[WhiteElo "2343"]
[BlackElo "2169"]
[WhiteFideId "4164083"]
[BlackFideId "1033697"]
[EventDate "2020.06.19"]

1. e4 e6 2. d3 d5 3. Qe2 c5 4. Nf3 Nc6 5. g3 Nf6 6. Bg2 g6 7. O-O Bg7 8. Re1 O-O
9. e5 Ng4 10. Bf4 f6 11. exf6 Qxf6 12. Nc3 Nd4 13. Nxd4 cxd4 14. Nb5 e5 15. Bd2
Qxf2+ 16. Qxf2 Rxf2 17. Rad1 Kh8 18. h3 Bd7 19. Nc7 Rc8 20. hxg4 Rxg2+ 21. Kxg2
Rxc7 22. Rc1 Bxg4 23. c3 dxc3 24. Rxc3 Rf7 25. Rc5 e4 26. Rxd5 Bf3+ 27. Kh2 exd3
28. Rd8+ Rf8 29. Rxf8+ Bxf8 30. Rf1 Be2 31. Rxf8+ Kg7 32. Rd8 1-0

[Event "Women's Speed Chess Q2"]
[Site "chess.com INT"]
[Date "2020.06.19"]
[Round "5"]
[White "Stefanova, Antoaneta"]
[Black "Sudakova, Irina"]
[Result "1-0"]
[WhiteTitle "GM"]
[BlackTitle "WGM"]
[WhiteElo "2462"]
[BlackElo "2288"]
[WhiteFideId "2902257"]
[BlackFideId "4129903"]
[EventDate "2020.06.19"]

1. d4 d5 2. Bf4 e6 3. e3 c5 4. c3 Nc6 5. Nf3 Nf6 6. Nbd2 Bd6 7. Bg3 O-O 8. Bd3
Qe7 9. Ne5 Bxe5 10. dxe5 Nd7 11. f4 c4 12. Bc2 Qc5 13. Bf2 b5 14. e4 d4 15. Nf3
b4 16. Nxd4 bxc3 17. bxc3 Nxd4 18. Bxd4 Qc7 19. O-O Bb7 20. Qh5 g6 21. Qh6 Rfd8
22. f5 exf5 23. exf5 Qc6 24. Rf2 gxf5 25. Qh4 Nf8 26. Bxf5 Ng6 27. Qh6 Rxd4 28.
cxd4 c3 29. e6 Rf8 30. Raf1 Qd5 31. h4 Qxd4 32. h5 Qh4 33. Bxg6 hxg6 34. exf7+ 1-0

[Event "Women's Speed Chess Q2"]
[Site "chess.com INT"]
[Date "2020.06.19"]
[Round "5"]
[White "Alexanian, Nelli"]
[Black "Bommini, Mounika Akshaya"]
[Result "0-1"]
[WhiteTitle "WIM"]
[BlackTitle "WFM"]
[WhiteElo "1986"]
[BlackElo "2029"]
[WhiteFideId "4170539"]
[BlackFideId "25019872"]
[EventDate "2020.06.19"]

1. d4 Nf6 2. c4 g6 3. h4 c5 4. d5 h5 5. Nc3 Bg7 6. e4 d6 7. Nh3 O-O 8. f3 a6 9.
Be2 Bd7 10. g4 Qe8 11. Nf4 hxg4 12. fxg4 b5 13. h5 b4 14. g5 bxc3 15. gxf6 Bxf6
16. hxg6 fxg6 17. Bh5 cxb2 18. Bxb2 Bxb2 19. Bxg6 Rxf4 20. Qh5 Bc3+ 21. Ke2 Bg4+
22. Kd3 Bxh5 23. Bxe8 Bxa1 24. Rxh5 Bg7 25. Ke3 Rf8 26. Ba4 a5 27. Rg5 Na6 0-1

[Event "Women's Speed Chess Q2"]
[Site "chess.com INT"]
[Date "2020.06.19"]
[Round "5"]
[White "Solozhenkina, Elizaveta"]
[Black "De Seroux, Camille"]
[Result "1-0"]
[WhiteTitle "WIM"]
[BlackTitle "WIM"]
[WhiteElo "2301"]
[BlackElo "2137"]
[WhiteFideId "34106615"]
[BlackFideId "1305620"]
[EventDate "2020.06.19"]

1. e4 c5 2. Nf3 d6 3. d4 cxd4 4. Nxd4 Nf6 5. f3 Nc6 6. c4 g6 7. Nc3 Bg7 8. Be3
O-O 9. Be2 Bd7 10. O-O Rc8 11. Rc1 a6 12. Qd2 Nxd4 13. Bxd4 Qa5 14. Rfd1 Qh5 15.
Bxf6 Bxf6 16. Nd5 Qe5 17. f4 Qxe4 18. Bf3 Qd4+ 19. Qxd4 Bxd4+ 20. Rxd4 Rfe8 21.
Re1 Kf8 22. Rde4 Bf5 23. Rxe7 Rxe7 24. Rxe7 Rxc4 25. Rxb7 Rc2 26. a4 Bd3 27. h3
Rc1+ 28. Kh2 f5 29. Rxh7 Rc2 30. Rb7 Bf1 31. Nf6 Rf2 32. Bd5 1-0

[Event "Women's Speed Chess Q2"]
[Site "chess.com INT"]
[Date "2020.06.19"]
[Round "5"]
[White "Vaishali, R"]
[Black "Zawadzka, Jolanta"]
[Result "1-0"]
[WhiteTitle "WGM"]
[BlackTitle "WGM"]
[WhiteElo "2393"]
[BlackElo "2419"]
[WhiteFideId "5091756"]
[BlackFideId "1122320"]
[EventDate "2020.06.19"]

1. e4 c5 2. Nc3 Nc6 3. Nge2 e6 4. d4 cxd4 5. Nxd4 Qc7 6. Be2 a6 7. O-O Nf6 8.
Be3 Bb4 9. Nxc6 bxc6 10. Qd4 c5 11. Qc4 O-O 12. Na4 a5 13. Qd3 Ba6 14. c4 d5 15.
Qc2 dxc4 16. a3 Rab8 17. Bxc4 Ng4 18. g3 Bxc4 19. Qxc4 Nxe3 20. fxe3 Bd2 21. Rf3
Qe5 22. Rd1 Rxb2 23. Nxb2 Qxb2 24. Qe2 Rd8 25. Rf2 Qxa3 26. Rxd2 Qc1+ 27. Kg2
Rxd2 28. Qxd2 1-0

[Event "Women's Speed Chess Q2"]
[Site "chess.com INT"]
[Date "2020.06.19"]
[Round "5"]
[White "Dzagnidze, Nana"]
[Black "Girya, Olga"]
[Result "1/2-1/2"]
[WhiteTitle "GM"]
[BlackTitle "WGM"]
[WhiteElo "2524"]
[BlackElo "2469"]
[WhiteFideId "13601903"]
[BlackFideId "4195752"]
[EventDate "2020.06.19"]

1. c4 c6 2. d4 d5 3. cxd5 cxd5 4. Nc3 Nf6 5. Bf4 Nc6 6. e3 Bf5 7. Qb3 Na5 8.
Qa4+ Bd7 9. Qc2 e6 10. Bd3 Be7 11. Nf3 Nc6 12. a3 Nh5 13. Be5 f6 14. Bg3 f5 15.
Be5 Nf6 16. O-O O-O 17. Rac1 Rc8 18. Qe2 Be8 19. Bxf6 Bxf6 20. Nd2 g5 21. Nb3
Rc7 22. Nc5 Re7 23. b4 Bg6 24. Qa2 Kh8 25. Rfd1 Nb8 26. Ne2 Bg7 27. Rc2 b6 28.
Nb3 Nd7 29. Rdc1 Nf6 30. Rc6 Qe8 31. Ba6 Qf7 32. Rc8 Ree8 33. R8c7 Re7 34. Rc8
Ree8 35. R8c7 Re7 36. Rc8 1/2-1/2

[Event "Women's Speed Chess Q2"]
[Site "chess.com INT"]
[Date "2020.06.19"]
[Round "5"]
[White "Zhukova, Natalia"]
[Black "Cori T., Deysi"]
[Result "0-1"]
[WhiteTitle "GM"]
[BlackTitle "WGM"]
[WhiteElo "2328"]
[BlackElo "2388"]
[WhiteFideId "14101513"]
[BlackFideId "3801934"]
[EventDate "2020.06.19"]

1. c4 Nf6 2. Nc3 e6 3. e4 d5 4. cxd5 exd5 5. e5 Ne4 6. Nf3 Nc6 7. Bb5 Bg4 8. Qa4
Nxc3 9. Bxc6+ bxc6 10. Qxg4 Ne4 11. O-O Qd7 12. Qxd7+ Kxd7 13. d4 c5 14. Rd1
cxd4 15. Nxd4 Re8 16. Bf4 g5 17. Be3 Bg7 18. Nf5 Bxe5 19. Rxd5+ Ke6 20. Rxe5+
Kxe5 21. g4 Rd8 22. Rc1 Nf6 23. Bxg5 Rhg8 24. f4+ Ke6 25. Re1+ Kd7 26. Bxf6
Rxg4+ 27. Ng3 Re8 28. Rd1+ Kc6 29. Be5 f6 30. Bxf6 Rxf4 31. Bc3 Rg4 32. Kf2 h5
33. h3 Rf4+ 34. Kg2 Rg8 35. Rd3 h4 0-1

[Event "Women's Speed Chess Q2"]
[Site "chess.com INT"]
[Date "2020.06.19"]
[Round "5"]
[White "Starosta, Martyna"]
[Black "Franco Valencia, Angela"]
[Result "0-1"]
[WhiteTitle "WCM"]
[BlackTitle "WIM"]
[WhiteElo "2079"]
[BlackElo "2089"]
[WhiteFideId "21818754"]
[BlackFideId "4403070"]
[EventDate "2020.06.19"]

1. e4 e5 2. Nf3 Nc6 3. Bb5 a6 4. Ba4 d6 5. c3 g6 6. O-O Bg7 7. d4 Bd7 8. d5 Nb8
9. Bxd7+ Nxd7 10. c4 h6 11. b4 f5 12. Nc3 Ngf6 13. Re1 f4 14. c5 g5 15. c6 bxc6
16. dxc6 Nb6 17. a4 g4 18. Nh4 Nxe4 19. Rxe4 Qxh4 20. Bxf4 O-O 21. Bg3 Qf6 22.
Rxg4 h5 23. Re4 a5 24. bxa5 Rxa5 25. Qxh5 Rc5 26. a5 Rxc3 27. axb6 cxb6 28. Rh4
Rxc6 29. Qh7+ Kf7 30. Ra7+ Ke6 31. h3 Rf7 32. Rxf7 Qxf7 33. Qd3 Kd7 34. Qa6 Bf6
35. Qb7+ Rc7 36. Qxb6 Bxh4 37. Bxh4 Qc4 38. Kh2 Qxh4 39. Qb5+ Ke7 40. Qe2 Rc3
41. Qa6 Qf4+ 42. g3 Qxf2+ 43. Kh1 Rc1+ 44. Qf1 Rxf1# 0-1

[Event "Women's Speed Chess Q2"]
[Site "chess.com INT"]
[Date "2020.06.19"]
[Round "5"]
[White "Nurmanova, Alua"]
[Black "Perez Rodriguez, Jennifer"]
[Result "0-1"]
[WhiteTitle "WFM"]
[BlackTitle "WIM"]
[WhiteElo "2026"]
[BlackElo "2251"]
[WhiteFideId "13729390"]
[BlackFideId "3507831"]
[EventDate "2020.06.19"]

1. e4 e5 2. Nf3 Nc6 3. Bb5 f5 4. d3 fxe4 5. dxe4 Nf6 6. Nc3 Bb4 7. O-O Bxc3 8.
bxc3 d6 9. Bc4 Bg4 10. h3 Bh5 11. a4 Qe7 12. Qd3 Nd8 13. a5 Ne6 14. a6 b6 15.
Be3 Bxf3 16. gxf3 O-O 17. f4 Kh8 18. f5 Nf4 19. Bxf4 exf4 20. Rae1 Nd7 21. Bd5
Ne5 22. Qd1 f3 23. Kh2 Qh4 24. Rg1 Qxf2+ 25. Kh1 Qh4 26. Kh2 f2 27. Bxa8 fxe1=Q
28. Rxe1 Qxe1 29. Qxe1 Nf3+ 30. Kg3 Nxe1 31. Bd5 Nxc2 32. Kf4 Na3 33. Kg5 Nb5
34. h4 Nxc3 35. Bc6 b5 36. h5 h6+ 37. Kg4 b4 38. Bd7 b3 39. e5 dxe5 0-1

[Event "Women's Speed Chess Q2"]
[Site "chess.com INT"]
[Date "2020.06.19"]
[Round "5"]
[White "Chirivi C, Angie Lizeth"]
[Black "Sedina, Elena"]
[Result "0-1"]
[WhiteTitle "WFM"]
[BlackTitle "IM"]
[WhiteElo "1999"]
[BlackElo "2299"]
[WhiteFideId "4402421"]
[BlackFideId "812153"]
[EventDate "2020.06.19"]

1. Nf3 d5 2. g3 Bg4 3. Ne5 Bh5 4. g4 Qd6 5. d4 Bg6 6. Nxg6 hxg6 7. h3 Nf6 8. Bg2
c6 9. c4 e6 10. b3 Nbd7 11. Bb2 Be7 12. Nd2 a5 13. Qc2 Qc7 14. e4 dxe4 15. Nxe4
Nxe4 16. Bxe4 Bb4+ 17. Kf1 Nf6 18. Bg2 a4 19. Rd1 O-O 20. Qb1 axb3 21. axb3 Ra6
22. d5 cxd5 23. cxd5 Nxd5 24. Bxd5 exd5 25. Rxd5 Qc6 26. Qd1 Ra2 0-1

[Event "Women's Speed Chess Q2"]
[Site "chess.com INT"]
[Date "2020.06.19"]
[Round "5"]
[White "Zakirova, Aisha"]
[Black "Demchenko, Svitlana"]
[Result "1-0"]
[WhiteTitle "WCM"]
[BlackTitle "WIM"]
[WhiteElo "1585"]
[BlackElo "2071"]
[WhiteFideId "13719734"]
[BlackFideId "14149893"]
[EventDate "2020.06.19"]

1. d4 Nf6 2. c4 g6 3. Nc3 Bg7 4. e4 d6 5. Be2 O-O 6. Bg5 h6 7. Be3 Nc6 8. Qd2
Kh7 9. f3 e5 10. d5 Nd4 11. g4 c5 12. g5 Nh5 13. gxh6 Bf6 14. O-O-O Nf4 15. h4
Bxh4 16. Bf1 a6 17. Kb1 Bg5 18. Nce2 b5 19. Nxf4 exf4 20. Bxf4 Bxf4 21. Qxf4
bxc4 22. Bxc4 Rb8 23. Nh3 Bxh3 24. Rxh3 f5 25. e5 Qb6 26. Rh2 Rbe8 27. exd6 Rf6
28. d7 Rd8 29. Qe5 Rxd7 30. Qe8 Rdf7 31. d6 Qxd6 32. Bxf7 Rxf7 33. Qxf7+ 1-0

[Event "Women's Speed Chess Q2"]
[Site "chess.com INT"]
[Date "2020.06.19"]
[Round "5"]
[White "Yip, Carissa"]
[Black "Belenkaya, Dina"]
[Result "1-0"]
[WhiteTitle "IM"]
[BlackTitle "WGM"]
[WhiteElo "2420"]
[BlackElo "2297"]
[WhiteFideId "2090732"]
[BlackFideId "24142654"]
[EventDate "2020.06.19"]

1. e4 d5 2. exd5 Qxd5 3. Nc3 Qa5 4. d4 Nf6 5. Nf3 Bf5 6. Bc4 c6 7. Bd2 Qb6 8.
Bb3 e6 9. O-O Be7 10. Be3 Qc7 11. Ne2 O-O 12. c4 Nbd7 13. Bc2 Bxc2 14. Qxc2 c5
15. Rfd1 cxd4 16. Nfxd4 Rac8 17. Rac1 Qa5 18. a3 Ne5 19. b3 Neg4 20. Bd2 Qxa3
21. Ra1 Qc5 22. h3 Nxf2 23. Kxf2 e5 24. Be3 exd4 25. Bxd4 Qc6 26. Rxa7 Bc5 27.
Raa1 Ne4+ 28. Kg1 f5 29. Bxc5 Qxc5+ 30. Kh2 Qe5+ 31. Kg1 Rcd8 32. b4 f4 33. Rxd8
Rxd8 34. Rd1 Rf8 35. Rd5 Qa1+ 36. Rd1 Qe5 37. Nd4 Ng3 38. Nf3 Qe3+ 39. Kh2 Re8
40. c5 Qa3 41. Ng5 h6 42. Qh7+ Kf8 43. Qh8+ Ke7 44. Qxg7# 1-0

[Event "Women's Speed Chess Q2"]
[Site "chess.com INT"]
[Date "2020.06.19"]
[Round "5"]
[White "Kantane, Anna"]
[Black "Vifleemskaia, Svetlana"]
[Result "1/2-1/2"]
[WhiteTitle "WIM"]
[BlackTitle "WFM"]
[WhiteElo "2252"]
[BlackElo "1943"]
[WhiteFideId "1135988"]
[BlackFideId "4129490"]
[EventDate "2020.06.19"]

1. e4 e5 2. Nf3 Nc6 3. Bc4 Nf6 4. d3 Be7 5. Nc3 O-O 6. a3 d6 7. h3 Be6 8. Be3 a6
9. Qd2 b5 10. Bxe6 fxe6 11. O-O Nh5 12. d4 exd4 13. Nxd4 Nxd4 14. Qxd4 e5 15.
Qd2 Nf4 16. Bxf4 Rxf4 17. Nd5 Rf7 18. Rad1 Rc8 19. Qa5 c6 20. Qxd8+ Rxd8 21. Nb4
c5 22. Nc6 Rd7 23. Rd5 Bf8 24. Rfd1 Rc7 25. Na5 c4 26. Kf1 g6 27. Ke2 Kg7 28. f3
Kf6 29. Ke3 Ke6 30. Ke2 Be7 31. g3 Rc8 32. h4 Rc7 33. Ke3 h5 34. Ke2 Rf6 35.
R1d2 Rf7 36. Rd1 Rf6 37. R1d2 1/2-1/2

[Event "Women's Speed Chess Q2"]
[Site "chess.com INT"]
[Date "2020.06.19"]
[Round "5"]
[White "Schulze, Lara"]
[Black "Lee, Dariya"]
[Result "1-0"]
[WhiteTitle "FM"]
[BlackTitle "WCM"]
[WhiteElo "2314"]
[BlackElo "1523"]
[WhiteFideId "12956830"]
[BlackFideId "13801651"]
[EventDate "2020.06.19"]

1. e4 d6 2. d4 Nf6 3. Nc3 g6 4. Be3 Bg7 5. Qd2 O-O 6. f3 e5 7. Nge2 Nc6 8. d5
Ne7 9. h4 h5 10. Nb5 a6 11. Na3 c6 12. c4 cxd5 13. cxd5 Bd7 14. Nc4 Bb5 15. Nb6
Rb8 16. a4 Bc4 17. Nxc4 Nc8 18. a5 Qd7 19. Nc3 Qe7 20. Be2 Nd7 21. b4 Rd8 22. g3
Kh7 23. O-O Rf8 24. Kg2 f5 25. Bg5 Bf6 26. exf5 1-0

[Event "Women's Speed Chess Q2"]
[Site "chess.com INT"]
[Date "2020.06.19"]
[Round "5"]
[White "Charochkina, Daria"]
[Black "Zhao, Xue"]
[Result "1-0"]
[WhiteTitle "IM"]
[BlackTitle "GM"]
[WhiteElo "2356"]
[BlackElo "2486"]
[WhiteFideId "4180917"]
[BlackFideId "8601283"]
[EventDate "2020.06.19"]

1. c4 e6 2. Nc3 d5 3. d4 Bb4 4. Nf3 Ne7 5. Bd2 O-O 6. e3 c5 7. a3 Bxc3 8. Bxc3
cxd4 9. Nxd4 Nbc6 10. Be2 Nxd4 11. Qxd4 Nf5 12. Qf4 dxc4 13. Rd1 Qh4 14. g4 Ne7
15. Qd4 Qh6 16. h4 Nd5 17. g5 Qg6 18. Bh5 Nxc3 19. Bxg6 Nxd1 20. Bc2 Nxf2 21.
Kxf2 e5 22. Qxe5 f6 23. Qd5+ Kh8 24. gxf6 Rxf6+ 25. Kg3 Be6 26. Qxb7 Raf8 27.
Rd1 h5 28. Be4 Bg4 29. Rd5 Re8 30. Re5 Ref8 31. Bc6 Kh7 32. Re8 Rxe8 33. Bxe8
Re6 34. Bc6 Rxe3+ 35. Kf2 Re2+ 36. Kf1 Re6 37. Be4+ Kh6 38. Qd5 Rf6+ 39. Ke1 g6
40. Qg8 1-0

[Event "Women's Speed Chess Q2"]
[Site "chess.com INT"]
[Date "2020.06.19"]
[Round "5"]
[White "Zavivaeva, Emilia"]
[Black "Hernandez Bonilla, Amelia"]
[Result "0-1"]
[WhiteTitle "WCM"]
[BlackTitle "WFM"]
[WhiteElo "1735"]
[BlackElo "2016"]
[WhiteFideId "34127531"]
[BlackFideId "3900193"]
[EventDate "2020.06.19"]

1. e4 c5 2. Nf3 d6 3. d4 cxd4 4. Nxd4 Nf6 5. Nc3 Nc6 6. Be3 e5 7. Nb3 Be6 8. Be2
Be7 9. Qd2 O-O 10. O-O a6 11. f4 exf4 12. Bxf4 b5 13. Bf3 Ne5 14. Bxe5 dxe5 15.
Qg5 Qc7 16. Qg3 Rad8 17. Rad1 Rxd1 18. Rxd1 b4 19. Nd5 Bxd5 20. exd5 Bd6 21. Qf2
a5 22. Qe2 Rc8 23. Rd2 a4 24. Nc1 e4 25. Bxe4 Bxh2+ 26. Kh1 Bf4 27. Rd1 Qe5 28.
Re1 Qg5 29. Nd3 Bg3 30. Rf1 Re8 31. Qf3 Qh4+ 32. Kg1 Qh2# 0-1

[Event "Women's Speed Chess Q2"]
[Site "chess.com INT"]
[Date "2020.06.19"]
[Round "5"]
[White "Arabidze, Meri"]
[Black "Papp, Petra"]
[Result "0-1"]
[WhiteTitle "IM"]
[BlackTitle "WGM"]
[WhiteElo "2428"]
[BlackElo "2338"]
[WhiteFideId "13604040"]
[BlackFideId "739049"]
[EventDate "2020.06.19"]

1. d4 Nf6 2. c4 g6 3. Nf3 Bg7 4. g3 O-O 5. Bg2 d6 6. O-O Nc6 7. Nc3 e5 8. dxe5
dxe5 9. Bg5 Be6 10. Qc1 Qc8 11. Rd1 Bh3 12. Nd5 Nxd5 13. cxd5 Nd4 14. Nxd4 exd4
15. Bf4 Bxg2 16. Kxg2 Qf5 17. Qc4 Rac8 18. Rxd4 Bxd4 19. Qxd4 Rfe8 20. e3 Qe4+
21. Qxe4 Rxe4 22. Rd1 Rc4 23. Rd2 f6 24. h4 Kf7 25. b3 Rc3 26. e4 a5 27. d6 cxd6
28. Rxd6 Re8 29. Rb6 Rxe4 30. Rxb7+ Re7 31. Rb5 Rc2 32. Rxa5 Ree2 33. Ra7+ Ke6
34. Ra6+ Kf5 35. Kh3 Rxf2 36. Ra5+ Ke4 37. h5 g5 38. Bd6 f5 39. Re5+ Kd4 40. g4
f4 41. Rxg5 Rh2# 0-1